000 00505nam a2200193Ia 4500
005 20250326142212.0
008 250326s9999 xx 000 0 und d
037 _aTextbook
040 _aFMSL
_beng
_cFMSL
041 _aeng
_2eng
084 _aX.1 P1
_qFMSL
100 _aSalvatore D
245 0 _aInternational economics
_cSalvatore D
250 _aEd 7
260 _aNew York
_bNew York, John Wiley & Sons
_c2001
300 _a830p
942 _cTB
_hX.1 P1
999 _c1293916
_d1293916